|
|
|
|
| LEADER |
01493nam a22003492a 4500 |
| 001 |
000113060 |
| 003 |
CZ BrMZK |
| 005 |
20120103121212.0 |
| 007 |
ta |
| 008 |
020422s1959 xr f er|||||||||||cze d |
| 015 |
|
|
|a cnb000514905
|
| 035 |
|
|
|a (OCoLC)85324418
|
| 040 |
|
|
|a ABA001
|b cze
|c ULG001
|d ABA001
|
| 080 |
9 |
|
|a 621.396.677(02.2)
|
| 100 |
1 |
|
|a Vrba, Kamil,
|c ml.,
|d 1949-
|7 jk01150973
|4 aut
|
| 245 |
1 |
0 |
|a Technika směrového spojení /
|c Kamil Vrba, Miroslav Renda
|
| 250 |
|
|
|a 1. vyd.
|
| 260 |
|
|
|a Praha :
|b Naše vojsko,
|c 1959
|
| 300 |
|
|
|a 383, [7] s. ;
|c 8°
|
| 490 |
1 |
|
|a Knižnice radiotechniky ;
|v sv. 27
|
| 500 |
|
|
|a 2000 výt.
|
| 520 |
|
|
|a Přehled základních poznatků je zaměřen na zařízení směrových spojovacích soustav. Výklad soustředěný na objasnění fyzikální podstaty přihlíží k praktickým otázkám. Je probrána vysokofrekvenčnost směrového spojení, antény, šíření vln velmi krátkých, zařízení, plánování a zřizování směrových spojů.
|
| 500 |
|
|
|a Věcný rejstřík
|
| 500 |
|
|
|a Bibliogr.
|
| 500 |
|
|
|a Pozn.
|
| 500 |
|
|
|a S fot., obr. a grafy v textu
|
| 700 |
1 |
|
|a Renda, Miroslav
|7 jn20010309694
|4 aut
|
| 830 |
|
0 |
|a Knižnice radiotechniky
|0 s
|
| 910 |
|
|
|a BOA001
|b 2-0415.510
|b TK-0082.823
|
| 990 |
|
|
|a BK
|
| 996 |
6 |
|
|b 2619965126
|c 2-0415.510
|l MZK
|r Sklad / do 24 hodin
|n 2
|w 000113060
|u 000010
|a 1
|e BOA001
|j MZK50
|s P
|
| 996 |
7 |
|
|b 2629952974
|c TK-0082.823
|l MZK
|r Sklad / do 24 hodin
|n 0
|w 000113060
|u 000020
|a 1
|e BOA001
|j MZK50
|s A
|